Bhasha sahitya charitram part VI (Record no. 124977)
[ view plain ]
| 000 -LEADER | |
|---|---|
| fixed length control field | 00668nam a2200241Ia 4500 |
| 003 - CONTROL NUMBER IDENTIFIER | |
| control field | OSt |
| 005 - DATE AND TIME OF LATEST TRANSACTION | |
| control field | 20240821092225.0 |
| 008 - FIXED-LENGTH DATA ELEMENTS--GENERAL INFORMATION | |
| fixed length control field | 210210b xxu||||| |||| 00| 0 eng d |
| 040 ## - CATALOGING SOURCE | |
| Transcribing agency | AL |
| 041 ## - LANGUAGE CODE | |
| Language code of text/sound track or separate title | Malayalam |
| 082 ## - DEWEY DECIMAL CLASSIFICATION NUMBER | |
| Classification number | 876/10 |
| 100 ## - MAIN ENTRY--PERSONAL NAME | |
| Personal name | NARAYANA PANNIKAR (K) |
| Dates associated with a name | നാരായണ പണിക്കർ (കെ) |
| 9 (RLIN) | 177548 |
| 245 ## - TITLE STATEMENT | |
| Title | Bhasha sahitya charitram part VI |
| Remainder of title | ഭാഷ സാഹിത്യ ചരിതം |
| 260 ## - PUBLICATION, DISTRIBUTION, ETC. | |
| Name of publisher, distributor, etc. | - |
| 650 ## - SUBJECT ADDED ENTRY--TOPICAL TERM | |
| Topical term or geographic name entry element | VI |
| 9 (RLIN) | 177549 |
| 650 ## - SUBJECT ADDED ENTRY--TOPICAL TERM | |
| Topical term or geographic name entry element | sahitya |
| 9 (RLIN) | 177550 |
| 650 ## - SUBJECT ADDED ENTRY--TOPICAL TERM | |
| Topical term or geographic name entry element | part |
| 9 (RLIN) | 177551 |
| 650 ## - SUBJECT ADDED ENTRY--TOPICAL TERM | |
| Topical term or geographic name entry element | charitram |
| 9 (RLIN) | 177552 |
| 650 ## - SUBJECT ADDED ENTRY--TOPICAL TERM | |
| Topical term or geographic name entry element | Bhasha |
| 9 (RLIN) | 177553 |
| 690 ## - LOCAL SUBJECT ADDED ENTRY--TOPICAL TERM (OCLC, RLIN) | |
| Topical term or geographic name as entry element | Malayalam |
| 9 (RLIN) | 177554 |
| 906 ## - LOCAL DATA ELEMENT F, LDF (RLIN) | |
| a | 002703 |
| 942 ## - ADDED ENTRY ELEMENTS (KOHA) | |
| Source of classification or shelving scheme | Dewey Decimal Classification |
| Koha item type | Book |
| Withdrawn status | Lost status | Damaged status | Not for loan | Collection code | Home library | Current library | Date acquired | Cost, normal purchase price | Total Checkouts | Full call number | Barcode | Date last seen | Price effective from | Koha item type |
|---|---|---|---|---|---|---|---|---|---|---|---|---|---|---|
| Rare Book | St Aloysius Library | St Aloysius Library | 02/17/2021 | 0.00 | 876/10 | 002703 | 02/17/2021 | 02/17/2021 | Book |